| 000 | 00573nam a22001817a 4500 | ||
|---|---|---|---|
| 008 | 150713b xxu||||| |||| 00| 0 eng d | ||
| 020 | _a9780743220682 | ||
| 050 | _aBP605.N48Z854 2001 | ||
| 100 |
_aZukav Gary _918008 |
||
| 245 |
_aThe heart of the soul _c/by Gary Zukav and Linda Francis |
||
| 260 |
_aLondon _bSimon and Schuster _c2001 |
||
| 300 |
_a301p. ; _c24cm. |
||
| 650 |
_aNew age movement _98779 |
||
| 650 |
_aSpiritual life _xNew age movement _918009 |
||
| 650 |
_aMeditations _918010 |
||
| 700 |
_aLinda Francis (jt.au.) _918011 |
||
| 942 |
_2lcc _cMONOGRAPH |
||
| 999 |
_c122889 _d122889 |
||